Raktározás tegnap és holnap Az Alföldvíz Zrt. logisztikai folyamatainak elemzése és automatizációs perspektívái
| Szerző: | |
|---|---|
| További közreműködők: | |
| Dokumentumtípus: | Diplomadolgozat |
| Kulcsszavak: | anyagáramlás anyagellátási tevékenység közbeszerzés logisztika raktározás |
| Online Access: | http://dolgozattar.uni-bge.hu/60113 |
MARC
| LEADER | 00000nta a2200000 i 4500 | ||
|---|---|---|---|
| 001 | dolg60113 | ||
| 005 | 20260409150016.0 | ||
| 008 | 260409suuuu hu om 000 hun d | ||
| 040 | |a BGE Dolgozattár Repozitórium |b hun | ||
| 041 | |a hu | ||
| 100 | 1 | |a Lantos Csilla | |
| 245 | 1 | 0 | |a Raktározás tegnap és holnap |b Az Alföldvíz Zrt. logisztikai folyamatainak elemzése és automatizációs perspektívái |c Lantos Csilla |h [elektronikus dokumentum] |
| 520 | 3 | |a Szakdolgozatom célja az Alföldvíz Zrt. raktáráruházának és működésének, valamint az anyagáramlásának bemutatása. Nem csak a központi békéscsabai raktáráruházat fogom bemutatni, de a 3. számú területi divízióközponti raktárát is, amely Orosházán található, valamint bemutatom a szentesi és csongrádi raktárakat és azok sajátosságait. Az Alföldvíz Zrt. tevékenysége kiterjed a vízellátásra, szennyvízelvezetésre és -tisztításra, valamint az ezekhez kapcsolódó infrastruktúra üzemeltetésére és fejlesztésére.A raktári folyamatok automatizálásának lehetőségeire és korlátaira keresek válaszokat a víziközmű szolgáltató iparágban. Kutatási kérdéseim között szerepel, hogyan befolyásolják a víziközmű szolgáltató cégek raktározási és készletgazdálkodási gyakorlatát a szabályozási előírások, a biztonsági és minőségi követelmények, valamint milyen lehetőségek és kihívások merülnek fel az automatizált raktárak bevezetésében, ha figyelembe vesszük a különféle alkatrészek tárolásának és kezelésének sajátosságait. | |
| 695 | |a anyagáramlás | ||
| 695 | |a anyagellátási tevékenység | ||
| 695 | |a közbeszerzés | ||
| 695 | |a logisztika | ||
| 695 | |a raktározás | ||
| 700 | 1 | |a Bányai Dr. Kornél |e ths | |
| 856 | 4 | 0 | |u http://dolgozattar.uni-bge.hu/60113/1/Lantos%20Csilla-Alf%C3%B6ldv%C3%ADz%20Zrt..pdf |z Dokumentum-elérés |
| 856 | 4 | 0 | |u http://dolgozattar.uni-bge.hu/60113/2/Titkos%C3%ADt%C3%A1si%20k%C3%A9relem_page-0001.pdf |z Dokumentum-elérés |
| 856 | 4 | 0 | |u http://dolgozattar.uni-bge.hu/60113/3/Lantos_Csilla_belso_biralat.pdf |z Dokumentum-elérés |
| 856 | 4 | 0 | |u http://dolgozattar.uni-bge.hu/60113/4/LantosCsilla_SK.pdf |z Dokumentum-elérés |